Bayer 04 Leverkusen Meister Quiz #3 - Statistiken

Allgemein
  • Dieses Quiz wurde 58 mal gespielt
    44 seit der letzten Aktualisierung
  • Das Durchschnittsergebnis liegt bei 3 aus 6
Antwortstatistiken
HR RR Fußball-Club % Korrekt
2:3 2:3 RB Leipzig
87%
1:1 1:1 Borussia Dortmund
74%
1:1 2:2 VfB Stuttgart
68%
1:2 2:3 SC Freiburg
42%
1:4 1:2 1. FC Heidenheim
29%
2:3 1:2 TSG 1899 Hoffenheim
29%
Keine übereinstimmenden Quizze gefunden
Verteilung der Resultate
Anzahl Personen mit jedem Resultat
Perzentil nach korrekt beantworteten Fragen
Ihre Resultats-Entwicklung
Sie haben dieses Quiz seit der letzten Aktualisierung nicht gespielt